Le cimetière méroïtique d'Aksha /

محفوظ في:

المؤلف الرئيسي: Vila, André (مؤلف)

التنسيق: كتاب

اللغة: French

منشور في: Paris : [publisher not identified], 1967.

سلاسل: Aksha ; 2.

الموضوعات:

الوسوم: إضافة وسم

لا توجد وسوم, كن أول من يضع وسما على هذه التسجيلة!

رقم الطلب: DT73 .A18 A6 v.2

LEADER 00947nam a22002537a 4500
003 OSt
005 20251201125018.0
008 251201t1967 fr a g b 000 0 fre d
040 |c ARCE Library 
043 |a f-ua---  |a f-sj--- 
050 1 4 |a DT73 .A18  |b A6 v.2 
100 1 |a Vila, André,  |e author 
245 1 3 |a Le cimetière méroïtique d'Aksha /   |c par André Vila. 
264 1 |a Paris :   |b [publisher not identified],   |c 1967. 
300 |a 398 pages, 3 folded leaves of plates :   |b illustrations, maps, plans ;   |c 28 cm. 
490 1 |a Aksha ;   |v 2. 
500 |a "Ouvrage publié avec le concours de la Commission des fouilles (Direction générale des affaires culturelles et techniques)--et du Centre national de la recherche scientifique." 
500 |a Errata slip inserted. 
504 |a Bibliography : pages 395-397. 
651 0 |a Aksha (Nubia)  |x Antiquities. 
830 0 |a Aksha ;   |v 2. 
901 |a reviewed 
942 |c BK  |2 lcc 
999 |c 27841  |d 27841